| 000 | 00473nam a2200169Ia 4500 | ||
|---|---|---|---|
| 999 |
_c2191 _d2191 |
||
| 020 | _a81-7488-616-8 | ||
| 082 | _a327.101 GEO-S | ||
| 100 | _aGeorge, Thoma; | ||
| 245 | 0 | _aState of international integration theory | |
| 260 |
_aNew Delhi _bAnmol Publications _c1997 |
||
| 300 | _avii, 217p. | ||
| 504 | _aIncludes bibliography and index | ||
| 650 | _aInternational relations | ||
| 650 | _aIntegration (Theory of knowledge) | ||
| 650 | _aSocial integration | ||
| 942 | _cBK | ||